[Event "RUS-ch U26"]
[Site "Ufa"]
[Date "2004.05.11"]
[Round "7"]
[White "Sultanov, Dzamil"]
[Black "Shatilin, Evgenij"]
[Result "0-1"]
[WhiteElo "2155"]
[BlackElo "2221"]
[PlyCount "48"]
[EventDate "2004.05.??"]
[EventType "swiss"]
[EventRounds "9"]
[EventCountry "RUS"]
[SourceTitle "EXT 2005"]
[Source "ChessBase"]
[SourceDate "2004.11.15"]
[SourceVersion "1"]
[SourceVersionDate "2004.11.15"]
[SourceQuality "1"]

1. e4 c5 2. Nf3 Nc6 3. Nc3 g6 4. d4 cxd4 5. Nxd4 Bg7 6. Nde2 d6 7. g3 Bg4 8. Bg2 Nd4 9. Qd3 Nxe2 10. Nxe2 Qc8 11. Nf4 Nf6 12. 0-0 Nd7 13. Qb5 Qc6 14. Qg5 Ne5 15. Nd5 Qd7 16. f4 f6 17. Qh4 g5 18. fxg5 Ng6 19. gxf6 Nxh4 20. fxg7 Rg8 21. gxh4 Rxg7 22. Bh6 Rg8 23. Kh1 Bh3 24. Bxh3 Qxh3 0-1

[Event "Novosibirsk op"]
[Site "Novosibirsk"]
[Date "2001.07.24"]
[Round "6"]
[White "Shatilin, Evgenij"]
[Black "Tyulin, Alexander"]
[Result "0-1"]
[WhiteElo "2253"]
[BlackElo "2125"]
[PlyCount "68"]
[EventDate "2001.07.18"]
[EventType "swiss"]
[EventRounds "11"]
[EventCountry "RUS"]
[SourceTitle "CBM 083 Extra"]
[Source "ChessBase"]
[SourceDate "2001.09.11"]
[SourceVersion "1"]
[SourceVersionDate "2001.09.11"]
[SourceQuality "1"]

1. e4 e6 2. d4 d5 3. e5 c5 4. Qg4 cxd4 5. Nf3 Nc6 6. Bd3 Bd7 7. 0-0 f5 8. Qg3 Nge7 9. Re1 Qb6 10. a3 h6 11. h4 0-0-0 12. c3 Rg8 13. b4 dxc3 14. Nxc3 Nd4 15. Bd2 g5 16. Rac1 Kb8 17. Nxd4 Qxd4 18. hxg5 hxg5 19. Be3 Qh4 20. Qxh4 gxh4 21. Nb5 Nc6 22. Bc5 Bxc5 23. bxc5 h3 24. g3 f4 25. Kh2 Rdf8 26. Rb1 fxg3+ 27. fxg3 Rf2+ 28. Kxh3 Rf3 29. Nd6 Rfxg3+ 30. Kh2 R3g5 31. Re3 Nxe5 32. Rxb7+ Ka8 33. Be2 d4 34. Rxe5 Rh8+ 0-1

[Event "Novosibirsk op"]
[Site "Novosibirsk"]
[Date "2001.07.21"]
[Round "3"]
[White "Isanbaev, Ramil"]
[Black "Shatilin, Evgenij"]
[Result "1-0"]
[WhiteElo "2362"]
[BlackElo "2253"]
[PlyCount "53"]
[EventDate "2001.07.18"]
[EventType "swiss"]
[EventRounds "11"]
[EventCountry "RUS"]
[SourceTitle "CBM 083 Extra"]
[Source "ChessBase"]
[SourceDate "2001.09.11"]
[SourceVersion "1"]
[SourceVersionDate "2001.09.11"]
[SourceQuality "1"]

1. e4 c5 2. Nf3 Nc6 3. d4 cxd4 4. Nxd4 Nf6 5. Nc3 e5 6. Ndb5 d6 7. Bg5 a6 8. Na3 b5 9. Nd5 Qa5+ 10. Bd2 Qd8 11. c4 Nxe4 12. cxb5 Ne7 13. Bc4 Be6 14. Be3 Rb8 15. Rc1 Nf6 16. Nc7+ Qxc7 17. Bxe6 Qa5+ 18. Bd2 Qb6 19. Bc4 d5 20. Be2 Ne4 21. 0-0 Nf5 22. Bg4 Nd4 23. bxa6 Nxd2 24. Re1 Ne4 25. Qa4+ Nb5 26. Nxb5 Qxb5 27. a7 1-0